Wolf! / (Record no. 5772)

MARC details
000 -LEADER
fixed length control field 00873nam a22003017a 4500
001 - CONTROL NUMBER
control field 5772
003 - CONTROL NUMBER IDENTIFIER
control field FISKH
005 - DATE AND TIME OF LATEST TRANSACTION
control field 20250121144210.0
008 - FIXED-LENGTH DATA ELEMENTS--GENERAL INFORMATION
fixed length control field 250121b cb ||||| |||| 00| 0 eng d
020 ## - INTERNATIONAL STANDARD BOOK NUMBER
International Standard Book Number 0439291607
040 ## - CATALOGING SOURCE
Original cataloging agency FISKH
Language of cataloging eng
Transcribing agency FISKH
Modifying agency FISKH
050 ## - LIBRARY OF CONGRESS CALL NUMBER
Classification number PZ7.B62275
082 ## - DEWEY DECIMAL CLASSIFICATION NUMBER
Classification number 447
100 ## - MAIN ENTRY--PERSONAL NAME
Personal name Bloom, Becky
Dates associated with a name (1971-)
245 ## - TITLE STATEMENT
Title Wolf! /
Statement of responsibility, etc. by Becky Bloom illustrated by Pascal Biet
250 ## - EDITION STATEMENT
Edition statement First printing in 2001
260 ## - PUBLICATION, DISTRIBUTION, ETC.
Place of publication, distribution, etc. New York :
Name of publisher, distributor, etc. Scholastic,
Date of publication, distribution, etc. 2001.
300 ## - PHYSICAL DESCRIPTION
Extent 26 pages :
Other physical details color illustrations ;
Dimensions 29 cm
505 ## - FORMATTED CONTENTS NOTE
Formatted contents note G<br/>
520 ## - SUMMARY, ETC.
Summary, etc. A wolf learns to read in order to impress a group of farmyard animals he has met.
521 8# - TARGET AUDIENCE NOTE
Target audience note 340<br/>
Source Lexile<br/>
521 8# - TARGET AUDIENCE NOTE
Target audience note G<br/>
Source Raz-Plus<br/>
650 ## - SUBJECT ADDED ENTRY--TOPICAL TERM
Source of heading or term Fiction
Topical term or geographic name entry element Animals
650 ## - SUBJECT ADDED ENTRY--TOPICAL TERM
Source of heading or term Fairy tales
Topical term or geographic name entry element Farm
700 ## - ADDED ENTRY--PERSONAL NAME
Personal name Biet, Pascal
Dates associated with a name illustrator
942 ## - ADDED ENTRY ELEMENTS (KOHA)
Source of classification or shelving scheme Dewey Decimal Classification
Koha item type Books
Suppress in OPAC No
Holdings
Withdrawn status Lost status Source of classification or shelving scheme Damaged status Not for loan Collection Home library Current library Shelving location Date acquired Total Checkouts Full call number Barcode Date last seen Copy number Price effective from Koha item type
    Dewey Decimal Classification     Juvenile Fiction Footprints International School Library Network Toul Kork Campus Footprints International School Library Network Toul Kork Campus TK Primary Library Room(4th Floor), Bookcase 7, Shelves 57-60, Dark Green Books 01/21/2025   BLO 447 PZ7.B62275 2025-0062 01/21/2025 1 01/21/2025 Books